Statistics for General Knowledge Pictures - Beginning 'E'

Click here to take the quiz!

General Stats

  • This quiz has been taken 119 times
  • The average score is 18 of 28

Answer Stats

Answer% Correct
Earth
99%
Eagle
97%
Eiffel Tower
92%
Eggplant
91%
Emerald
90%
Eyelash
90%
Queen Elizabeth II
90%
Easter Island
88%
Exit
85%
Empire State Building
80%
Earthworm
78%
Egypt
78%
Easel
66%
Eel
66%
Clint Eastwood
65%
Earwig
64%
Eisenhower
63%
Equator
62%
Eggcup
57%
Elm
56%
English Channel
56%
Eaves
44%
Easter Egg
37%
Edelweiss
29%
East Timor
24%
Eland
24%
Epaulette
21%
Estuary
16%

Score Distribution

Percentile by Number Answered

Percent of People with Each Score

Your Score History

You have not taken this quiz